Lifeblood of terrorism: (Record no. 187323)

MARC details
000 -LEADER
fixed length control field 00654nam a22001937a 4500
005 - DATE AND TIME OF LATEST TRANSACTION
control field 20230525101133.0
010 ## - LCCN (DPL NO)
LC control number ENG-132289 ENG-137036
020 ## - INTERNATIONAL STANDARD BOOK NUMBER
International Standard Book Number 9789384052188
Terms of availability 599.00
035 ## - SYSTEM CONTROL NUMBER
System control number EN-115821
035 ## - SYSTEM CONTROL NUMBER
System control number EN-120568
037 ## - SOURCE OF ACQUISITION
Source of stock number/acquisition DBAD/PUB
082 ## - DEWEY DECIMAL CLASSIFICATION NUMBER
Classification number 363.32
100 ## - MAIN ENTRY--PERSONAL NAME
Personal name Chadha,Vivek
245 ## - TITLE STATEMENT
Title Lifeblood of terrorism:
Remainder of title countering Terrorism Finance/
Statement of responsibility, etc Vivek Chadha
260 ## - PUBLICATION, DISTRIBUTION, ETC. (IMPRINT)
Place of publication, distribution, etc New Delhi
Name of publisher, distributor, etc Bloomsbury Publishing India Pvt. Ltd
Date of publication, distribution, etc 2015
270 ## - ADDRESS
City New Delhi
Address Vishrut Building,DDA Complex, Building No. 3 Pocket C-6 & 7
Postal code 110070
300 ## - PHYSICAL DESCRIPTION
Extent ix,258p.
Other physical details Annexures ,Index
Dimensions 24cm(hbk)
942 ## - ADDED ENTRY ELEMENTS (KOHA)
Source of classification or shelving scheme Dewey Decimal Classification
Item type English Books
Call number suffix CHA
Classification part 363.32
Holdings
Withdrawn status Lost status Not for loan Collection code Home library Current library Date acquired Source of acquisition Cost, normal purchase price Full call number Barcode Copy number Cost, replacement price Koha item type
      Non-fiction Ashok Vihar Ashok Vihar 25/05/2023 DBAD/PUB 599.00 363.32 CHA EN-120568 1 599.00 English Books
    Not For Loan Non-fiction D.B.Act.Division Mobile Library 12/04/2022 DBAD/PUB 599.00 363.32 CHA EN-115821 1 599.00 English Books

© Delhi Public Library
Hit Counter
free hit counter